| 000 | 00624nam a2200181Ia 4500 | ||
|---|---|---|---|
| 008 | 090630s9999 xx 000 0 und d | ||
| 082 | _b858 | ||
| 100 | _aकंगले र. प. | ||
| 245 |
_aप्राचीन काव्यशास्त्र. _cकंगले र. प. |
||
| 260 |
_bभागवत. _c1974 |
||
| 300 | _a168 | ||
| 600 | _aकंगले र. प. | ||
| 630 | _aप्राचीन काव्यशास्त्र. | ||
| 655 | _aकाव्य. | ||
| 700 | _aकंगले र. प. | ||
| 730 | _aप्राचीन काव्यशास्त्र. | ||
| 942 | _cBOOK | ||
| 999 |
_c252714 _d252714 |
||